Tourism market trends : Americas

Αποθηκεύτηκε σε:
Λεπτομέρειες βιβλιογραφικής εγγραφής
Συγγραφή απο Οργανισμό/Αρχή: World Tourism Organization
Μορφή: Βιβλίο
Γλώσσα:English
Δημοσίευση: Madrid : World Tourism Organization, c2002
Θέματα:
Ετικέτες: Προσθήκη ετικέτας
Δεν υπάρχουν, Καταχωρήστε ετικέτα πρώτοι!

MARC

LEADER 00000cam a2200000 i 4500
001 1/85048
008 050908s2002 eng d
020 |a 92-844-0556-4 
035 |l 10080177 
040 |a GR-MY-UA  |b gre  |e aacr 
041 0 |a eng 
082 0 |a 338.47917 
110 2 |a World Tourism Organization. 
245 1 0 |a Tourism market trends :  |b Americas /  |c World Tourism Organization 
260 |a Madrid :   |b World Tourism Organization,   |c c2002 
300 |a 336, xxvi σ.;  |b πίν., διαγρ.;  |c 29 εκ. 
650 0 0 |a Tourism  |x Statistics  |z America. 
852 |a INST  |b CHIOS  |e 20050908  |h 338.47917 WOR  |p 005200024774  |q 005200024774  |t BK  |y 0 
901 |a BIBL2-2005-3 
909 |a Χ  |b 118855 
970 |a ΧΑΖΙΡΗ  |b ΑΝΝΑ  |z 2005/09/08